00970nam a2200289Ia 450000500170000000800410001702000180005804100080007608200180008410000340010224500750013625000180021130000250022949000160025450000450027050000420031560000540035765000330041165100570044494200120050126400290051333600270054233700330056933800280060204000350063099900150066520220317001722.0170328s2015 s g 000 0 s  a9788467034578 aspa04a923.146bJ81f1 aFernández Álvarez, Manuel10aJuana la locabla cautiva de TordesillascManuel Fernández Álvarez a1a. edición a321 páginasc19 cm aHumanidades aIncluye índice onomástico y de obras aIncluye datos biográficos del autor14aJuana I La Locad1479 - 1555vBiografías988524142LEMBaMonarquía española 4aEspañaxCondiciones socialesySiglos XV-XVI988526 2ddccBK aBarcelonabAustralc2015 atextobtxt2rdacontent asin mediaciónbn2rdamedia avolumenbnc2rdacarrier aCO-BoRNBPbspaerdacCO-BoRNBP c7850d7850